[Event "Bundesliga 9495"]
[Site "Deutschland"]
[Date "1994.??.??"]
[Round "?.2"]
[White "Ftacnik, Lubomir"]
[Black "Schmittdiel, Eckhard"]
[Result "0-1"]
[WhiteElo "2570"]
[BlackElo "2495"]
[PlyCount "132"]
[EventDate "1994.10.??"]
[EventType "team"]
[EventRounds "15"]
[EventCountry "GER"]
[SourceTitle "Bundesliga 9495"]
[Source "DeepChess"]
[SourceDate "2005.01.01"]
[SourceVersion "1"]
[SourceVersionDate "2005.01.01"]
[SourceQuality "1"]
[WhiteTeam "Hamburger SK 1830 e.V."]
[BlackTeam "SV Tuebingen 1870 e.V."]
[WhiteTeamCountry "GER"]
[BlackTeamCountry "GER"]

1. d4 f5 2. g3 Nf6 3. Bg2 e6 4. Nd2 d5 5. Nh3 c5 6. e3 Nc6 7. Nf3 Bd6 8. O-O
O-O 9. c4 dxc4 10. Qe2 Bd7 11. dxc5 Bxc5 12. Qxc4 Qe7 13. Nd4 Na5 14. Qc3 Bb6
15. b4 Rac8 16. Qd3 Nc4 17. Bxb7 Rc7 18. Ba6 Qxb4 19. Qb3 Nd5 20. Nf4 Na5 21.
Nxd5 Nxb3 22. Nxb4 Nxa1 23. Ba3 Bxd4 24. exd4 Nc2 25. Rc1 Rc3 26. Nxc2 Rb8 27.
Kf1 Ba4 28. Bc5 Bxc2 29. Ke1 Rb1 30. Rxb1 Bxb1 31. a4 Bd3 32. Bc8 Bc4 33. Bxa7
Rc2 34. d5 Bxd5 35. Ba6 Ra2 36. Bb5 Bb3 37. Bd4 Kf7 38. h4 Bxa4 39. Bc4 Rc2 40.
Bd3 Rc7 41. Kd2 Bb3 42. Ke3 Bc4 43. Bc2 Rc8 44. Kf4 Rd8 45. Ke3 Ra8 46. Kd2 Ra5
47. Kc3 Ba2 48. Kb4 Rd5 49. Be3 Rd7 50. Kc3 Kf6 51. Bg5+ Ke5 52. Ba4 Ra7 53.
Bc2 Kd5 54. Be3 Rc7+ 55. Kd2 g6 56. Bd3 Bc4 57. Bc2 e5 58. Bd1 Ke6 59. Ba4 Rc8
60. Bc2 Ra8 61. Kc3 Bd5 62. Kd2 Rf8 63. Ke1 f4 64. gxf4 exf4 65. Bd4 Bf3 66.
Bb3+ Kf5 0-1

[Event "Bundesliga 9495"]
[Site "Deutschland"]
[Date "1994.??.??"]
[Round "?.4"]
[White "Mueller, Karsten"]
[Black "Kraut, Rainer"]
[Result "1/2-1/2"]
[WhiteElo "2470"]
[BlackElo "2415"]
[PlyCount "48"]
[EventDate "1994.10.??"]
[EventType "team"]
[EventRounds "15"]
[EventCountry "GER"]
[SourceTitle "Bundesliga 9495"]
[Source "DeepChess"]
[SourceDate "2005.01.01"]
[SourceVersion "1"]
[SourceVersionDate "2005.01.01"]
[SourceQuality "1"]
[WhiteTeam "Hamburger SK 1830 e.V."]
[BlackTeam "SV Tuebingen 1870 e.V."]
[WhiteTeamCountry "GER"]
[BlackTeamCountry "GER"]

1. e4 c5 2. Nf3 d6 3. d4 cxd4 4. Nxd4 Nf6 5. Nc3 Nc6 6. Bc4 Bd7 7. O-O e6 8.
Be3 Be7 9. Bb3 O-O 10. f4 Nxd4 11. Bxd4 Bc6 12. Qd3 b5 13. Rae1 b4 14. Nb1 a5
15. c3 e5 16. Bf2 exf4 17. Bd4 Nd7 18. cxb4 axb4 19. Qc4 Nc5 20. Rxf4 Nxb3 21.
axb3 Rc8 22. Qd3 Bg5 23. Rf2 Re8 24. Nd2 Bxd2 1/2-1/2

[Event "Bundesliga 9495"]
[Site "Deutschland"]
[Date "1994.??.??"]
[Round "?.5"]
[White "Zeller, Frank"]
[Black "Michaelsen, Nils"]
[Result "1-0"]
[WhiteElo "2350"]
[BlackElo "2430"]
[PlyCount "89"]
[EventDate "1994.10.??"]
[EventType "team"]
[EventRounds "15"]
[EventCountry "GER"]
[SourceTitle "Bundesliga 9495"]
[Source "DeepChess"]
[SourceDate "2005.01.01"]
[SourceVersion "1"]
[SourceVersionDate "2005.01.01"]
[SourceQuality "1"]
[WhiteTeam "SV Tuebingen 1870 e.V."]
[BlackTeam "Hamburger SK 1830 e.V."]
[WhiteTeamCountry "GER"]
[BlackTeamCountry "GER"]

1. c4 Nf6 2. Nc3 c5 3. Nf3 e6 4. g3 d5 5. cxd5 exd5 6. d4 Nc6 7. Bg2 Be7 8. O-O
O-O 9. dxc5 Bxc5 10. Bg5 d4 11. Bxf6 Qxf6 12. Nd5 Qd8 13. Nd2 Re8 14. Rc1 Bb6
15. Nf4 Bg4 16. Ne4 Rc8 17. h3 Bf5 18. Nc5 Bxc5 19. Rxc5 Be4 20. Bxe4 Rxe4 21.
Qd3 Qe7 22. Rfc1 Re8 23. a3 Re5 24. b4 a6 25. Rxe5 Qxe5 26. Rc5 Qe7 27. h4 h6
28. Qc4 Rd8 29. a4 Ne5 30. Nd5 Qe6 31. Qxd4 Nc6 32. Qc4 Ne5 33. Qe4 Nc6 34.
Qxe6 fxe6 35. Nf4 e5 36. Nd5 e4 37. e3 Kf7 38. b5 axb5 39. axb5 Ne5 40. Rc7+
Kf8 41. Nc3 Nf3+ 42. Kg2 Nd2 43. Rxb7 Rc8 44. b6 Rxc3 45. Rc7 1-0

[Event "Bundesliga 9495"]
[Site "Deutschland"]
[Date "1994.??.??"]
[Round "?.6"]
[White "Loeffler, Stefan"]
[Black "Werner, Marc"]
[Result "0-1"]
[WhiteElo "2420"]
[BlackElo "2345"]
[PlyCount "56"]
[EventDate "1994.10.??"]
[EventType "team"]
[EventRounds "15"]
[EventCountry "GER"]
[SourceTitle "Bundesliga 9495"]
[Source "DeepChess"]
[SourceDate "2005.01.01"]
[SourceVersion "1"]
[SourceVersionDate "2005.01.01"]
[SourceQuality "1"]
[WhiteTeam "Hamburger SK 1830 e.V."]
[BlackTeam "SV Tuebingen 1870 e.V."]
[WhiteTeamCountry "GER"]
[BlackTeamCountry "GER"]

1. d4 d5 2. c4 c6 3. e3 Nf6 4. Nf3 e6 5. Bd3 Nbd7 6. O-O dxc4 7. Bxc4 b5 8. Bd3
Bb7 9. e4 a6 10. a4 Qb8 11. Bg5 c5 12. Bxf6 gxf6 13. dxc5 b4 14. Nbd2 Bxc5 15.
Nb3 Bb6 16. Qd2 Qd6 17. Rfd1 Rg8 18. Rac1 Rd8 19. Qh6 Rg6 20. Qh4 Ne5 21. Nxe5
Qxe5 22. a5 Ba7 23. Qxh7 Qf4 24. Kh1 Ke7 25. Qh3 Bxf2 26. Qf3 Be3 27. Rc4 Qxf3
28. gxf3 Rxd3 0-1

[Event "Bundesliga 9495"]
[Site "Deutschland"]
[Date "1994.??.??"]
[Round "?.7"]
[White "Dutschak, Hauke"]
[Black "Heinemann, Thies"]
[Result "1/2-1/2"]
[WhiteElo "2240"]
[BlackElo "2395"]
[PlyCount "113"]
[EventDate "1994.10.??"]
[EventType "team"]
[EventRounds "15"]
[EventCountry "GER"]
[SourceTitle "Bundesliga 9495"]
[Source "DeepChess"]
[SourceDate "2005.01.01"]
[SourceVersion "1"]
[SourceVersionDate "2005.01.01"]
[SourceQuality "1"]
[WhiteTeam "SV Tuebingen 1870 e.V."]
[BlackTeam "Hamburger SK 1830 e.V."]
[WhiteTeamCountry "GER"]
[BlackTeamCountry "GER"]

1. e4 c5 2. c3 d5 3. exd5 Qxd5 4. d4 e6 5. Nf3 Nf6 6. Bd3 cxd4 7. cxd4 Be7 8.
O-O O-O 9. Nc3 Qd6 10. Be3 Nc6 11. Rc1 Nb4 12. Bb1 Bd7 13. Ne5 Nbd5 14. Qd3 g6
15. Bg5 Rfd8 16. Qf3 Be8 17. Be4 Nxc3 18. bxc3 Nxe4 19. Bxe7 Qxe7 20. Qxe4 f6
21. Nd3 Bc6 22. Qe3 Qd6 23. Nb4 Bb5 24. Rfe1 a5 25. Nc2 Rac8 26. Qf3 Qe7 27.
Ne3 Qf7 28. c4 Bc6 29. d5 exd5 30. cxd5 Bd7 31. Qf4 b5 32. h3 f5 33. Rc7 Rxc7
34. Qxc7 Re8 35. Rd1 f4 36. Nf1 a4 37. Nh2 Rc8 38. Qb7 Rd8 39. Nf3 Be8 40. Qb6
Rxd5 41. Re1 Qf8 42. Qb7 Bf7 43. Re7 Rf5 44. a3 Bd5 45. Qd7 Rf7 46. Rxf7 Bxf7
47. Ng5 Qe8 48. Qb7 h6 49. Nxf7 Qxf7 50. Qxb5 Qb3 51. Qe8+ Kg7 52. Qe5+ Kg8 53.
Qf6 Kh7 54. Qe7+ Kg8 55. Kh2 h5 56. h4 Kh8 57. Qf6+ 1/2-1/2

[Event "Bundesliga 9495"]
[Site "Deutschland"]
[Date "1994.??.??"]
[Round "?.8"]
[White "Wegner, Hannu"]
[Black "Foessmeier, Ulrich"]
[Result "1-0"]
[WhiteElo "2350"]
[BlackElo "2305"]
[PlyCount "117"]
[EventDate "1994.10.??"]
[EventType "team"]
[EventRounds "15"]
[EventCountry "GER"]
[SourceTitle "Bundesliga 9495"]
[Source "DeepChess"]
[SourceDate "2005.01.01"]
[SourceVersion "1"]
[SourceVersionDate "2005.01.01"]
[SourceQuality "1"]
[WhiteTeam "Hamburger SK 1830 e.V."]
[BlackTeam "SV Tuebingen 1870 e.V."]
[WhiteTeamCountry "GER"]
[BlackTeamCountry "GER"]

1. d4 d5 2. c4 e6 3. Nf3 Nf6 4. Bg5 Be7 5. Nc3 O-O 6. e3 Nbd7 7. Rc1 c6 8. Bd3
dxc4 9. Bxc4 h6 10. Bh4 b5 11. Bd3 a6 12. a4 bxa4 13. Nxa4 Qa5+ 14. Nd2 Bb4 15.
Nc3 c5 16. Nb3 Qb6 17. dxc5 Bxc5 18. Nxc5 Qxc5 19. Bg3 Qb6 20. Qe2 Bb7 21. O-O
Nc5 22. Bc4 Rac8 23. f3 Rfd8 24. Rfd1 Nb3 25. Rxd8+ Rxd8 26. Rd1 Rxd1+ 27. Nxd1
Nc5 28. Qd2 Ncd7 29. Bf2 Qc6 30. Be2 Nf8 31. e4 N6d7 32. Nc3 Ng6 33. Be3 Qc7
34. Na4 Nge5 35. b3 Nc6 36. Qc3 Qd6 37. Nc5 Nxc5 38. Qxc5 Qxc5 39. Bxc5 f6 40.
Kf2 Kf7 41. Ke3 g5 42. Ba3 Na5 43. Bd1 f5 44. exf5 Bd5 45. fxe6+ Kxe6 46. Be2
Bxb3 47. Kd4 Nc6+ 48. Kc5 Ne7 49. Bxa6 Ng6 50. Kd4 Bd1 51. Ke3 Nh4 52. Kf2 Ba4
53. Bc4+ Kf6 54. Bb2+ Kg6 55. Bd3+ Kf7 56. g3 Ng6 57. Bc4+ Kf8 58. Ke3 Ne5 59.
Bxe5 1-0

[Event "Bundesliga 9495"]
[Site "Deutschland"]
[Date "1995.??.??"]
[Round "?.3"]
[White "Stohl, Igor"]
[Black "Espig, Lutz"]
[Result "1/2-1/2"]
[WhiteElo "2530"]
[BlackElo "2430"]
[PlyCount "63"]
[EventDate "1994.10.??"]
[EventType "team"]
[EventRounds "15"]
[EventCountry "GER"]
[SourceTitle "Bundesliga 9495"]
[Source "DeepChess"]
[SourceDate "2005.01.01"]
[SourceVersion "1"]
[SourceVersionDate "2005.01.01"]
[SourceQuality "1"]
[WhiteTeam "Muenchener SC 1836 e.V."]
[BlackTeam "PSV Turm Duisburg 1920 e.V."]
[WhiteTeamCountry "GER"]
[BlackTeamCountry "GER"]

1. d4 Nf6 2. c4 d6 3. Nf3 Nbd7 4. Nc3 e5 5. e4 Be7 6. Be2 O-O 7. O-O c6 8. Be3
a6 9. d5 cxd5 10. cxd5 Ng4 11. Bd2 b5 12. Ne1 Ngf6 13. Nc2 Nb6 14. Be3 Bd7 15.
Nb4 Rc8 16. a3 Nc4 17. Bc1 Qb6 18. b3 Na5 19. Be3 Qb7 20. Bd2 Bd8 21. a4 bxa4
22. Nxa4 Ra8 23. Bd3 Nxb3 24. Qxb3 a5 25. Nb2 axb4 26. Rxa8 Qxa8 27. Bxb4 Bc7
28. Rc1 Rc8 29. Qa3 Qxa3 30. Bxa3 Ne8 31. Nc4 Rb8 32. Rb1 1/2-1/2

[Event "Bundesliga 9495"]
[Site "Deutschland"]
[Date "1995.??.??"]
[Round "?.4"]
[White "Mohr, Stefan"]
[Black "Sandor, Christian"]
[Result "1/2-1/2"]
[WhiteElo "2455"]
[BlackElo "2420"]
[PlyCount "40"]
[EventDate "1994.10.??"]
[EventType "team"]
[EventRounds "15"]
[EventCountry "GER"]
[SourceTitle "Bundesliga 9495"]
[Source "DeepChess"]
[SourceDate "2005.01.01"]
[SourceVersion "1"]
[SourceVersionDate "2005.01.01"]
[SourceQuality "1"]
[WhiteTeam "PSV Turm Duisburg 1920 e.V."]
[BlackTeam "Muenchener SC 1836 e.V."]
[WhiteTeamCountry "GER"]
[BlackTeamCountry "GER"]

1. d4 Nf6 2. c4 c5 3. d5 b5 4. cxb5 a6 5. e3 axb5 6. Bxb5 Qa5+ 7. Nc3 Bb7 8.
Nge2 Nxd5 9. O-O Nxc3 10. Nxc3 e6 11. e4 Be7 12. Bf4 O-O 13. a4 Qb4 14. Bd2 Bf6
15. Re1 Nc6 16. Rb1 Qd4 17. Qe2 Qd6 18. Rbd1 Nd4 19. Qg4 Qc7 20. Bf4 d6 1/2-1/2

[Event "Bundesliga 9495"]
[Site "Deutschland"]
[Date "1995.??.??"]
[Round "?.5"]
[White "Reich, Thomas"]
[Black "Gruenberg, Hans Ulrich"]
[Result "0-1"]
[WhiteElo "2400"]
[BlackElo "2470"]
[PlyCount "104"]
[EventDate "1994.10.??"]
[EventType "team"]
[EventRounds "15"]
[EventCountry "GER"]
[SourceTitle "Bundesliga 9495"]
[Source "DeepChess"]
[SourceDate "2005.01.01"]
[SourceVersion "1"]
[SourceVersionDate "2005.01.01"]
[SourceQuality "1"]
[WhiteTeam "Muenchener SC 1836 e.V."]
[BlackTeam "PSV Turm Duisburg 1920 e.V."]
[WhiteTeamCountry "GER"]
[BlackTeamCountry "GER"]

1. c4 Nf6 2. Nc3 e5 3. g3 Bb4 4. Bg2 O-O 5. e4 Bxc3 6. dxc3 h6 7. Qe2 d6 8. Nf3
Nc6 9. O-O a5 10. Rd1 b6 11. Ne1 Bb7 12. Nc2 Ne7 13. f3 Nd7 14. Ne3 Nc5 15. Nd5
f5 16. Be3 Nxd5 17. cxd5 Qe8 18. Qc2 Bc8 19. b4 Qa4 20. Qb2 Nd7 21. a3 Nf6 22.
Kh1 fxe4 23. fxe4 Ng4 24. Bg1 Ba6 25. Rdc1 Bc4 26. Qd2 Qe8 27. Rcb1 Qh5 28. h3
Rf7 29. bxa5 Rxa5 30. Rb4 Bb5 31. Rb2 Bc4 32. Qd1 Nf6 33. Qd2 Rf8 34. Rb4 Be2
35. Qe3 g5 36. Bh2 Bg4 37. h4 Be2 38. Re1 Ba6 39. c4 Ng4 40. Qc3 gxh4 41. Rb2
Nxh2 42. Kxh2 hxg3+ 43. Kxg3 Ra4 44. Rb4 Rxb4 45. axb4 Bxc4 46. Qe3 Rf4 47. Bh3
Qh4+ 48. Kh2 Kf7 49. Kg2 Ke7 50. Bf5 Bxd5 51. Qg3 Qxg3+ 52. Kxg3 Be6 0-1

[Event "Bundesliga 9495"]
[Site "Deutschland"]
[Date "1995.??.??"]
[Round "?.6"]
[White "Moiseev, Viktor"]
[Black "Geisler, Fabian"]
[Result "1-0"]
[WhiteElo "2455"]
[BlackElo "2310"]
[PlyCount "115"]
[EventDate "1994.10.??"]
[EventType "team"]
[EventRounds "15"]
[EventCountry "GER"]
[SourceTitle "Bundesliga 9495"]
[Source "DeepChess"]
[SourceDate "2005.01.01"]
[SourceVersion "1"]
[SourceVersionDate "2005.01.01"]
[SourceQuality "1"]
[WhiteTeam "PSV Turm Duisburg 1920 e.V."]
[BlackTeam "Muenchener SC 1836 e.V."]
[WhiteTeamCountry "GER"]
[BlackTeamCountry "GER"]

1. e4 c5 2. Nf3 Nc6 3. d4 cxd4 4. Nxd4 Nf6 5. Nc3 e6 6. Ndb5 d6 7. Bf4 e5 8.
Bg5 a6 9. Na3 b5 10. Bxf6 gxf6 11. Nd5 Bg7 12. Bd3 Ne7 13. Nxe7 Qxe7 14. c3 f5
15. O-O O-O 16. Nc2 Bb7 17. exf5 Qg5 18. Ne3 d5 19. f4 exf4 20. Qg4 Qxg4 21.
Nxg4 h5 22. f6 hxg4 23. fxg7 Rfe8 24. Rxf4 Re3 25. Bf5 g3 26. Rg4 Rae8 27. Rf1
Bc8 28. Bxc8 gxh2+ 29. Kxh2 Rxc8 30. Rf5 Re4 31. Rg3 Rh4+ 32. Kg1 Rd8 33. Rf6
a5 34. Ra6 b4 35. Rxa5 bxc3 36. Rxc3 Kxg7 37. Kf2 Re4 38. Rg3+ Kf8 39. Re3 Rc4
40. Ra7 Rc2+ 41. Re2 Rc4 42. Rd2 Kg7 43. Ke2 Kg6 44. Kd3 f5 45. Rc2 Rg4 46.
Rc6+ Kg5 47. Rg7+ Kf4 48. Rxg4+ fxg4 49. Kd4 Kg3 50. Rc2 Rf8 51. Kxd5 Rf2 52.
Rxf2 Kxf2 53. a4 g3 54. a5 Kxg2 55. a6 Kf3 56. a7 g2 57. a8=Q g1=Q 58. Ke5+ 1-0

[Event "Bundesliga 9495"]
[Site "Deutschland"]
[Date "1995.??.??"]
[Round "?.7"]
[White "Steinbacher, Matthias"]
[Black "Himmel, Hansjoerg"]
[Result "0-1"]
[WhiteElo "2345"]
[BlackElo "2355"]
[PlyCount "90"]
[EventDate "1994.10.??"]
[EventType "team"]
[EventRounds "15"]
[EventCountry "GER"]
[SourceTitle "Bundesliga 9495"]
[Source "DeepChess"]
[SourceDate "2005.01.01"]
[SourceVersion "1"]
[SourceVersionDate "2005.01.01"]
[SourceQuality "1"]
[WhiteTeam "Muenchener SC 1836 e.V."]
[BlackTeam "PSV Turm Duisburg 1920 e.V."]
[WhiteTeamCountry "GER"]
[BlackTeamCountry "GER"]

1. Nf3 Nf6 2. c4 g6 3. b4 Bg7 4. Bb2 O-O 5. e3 d6 6. Be2 e5 7. O-O Nbd7 8. Nc3
Re8 9. Qc2 c6 10. b5 Nc5 11. bxc6 bxc6 12. d3 Rb8 13. Nd2 d5 14. Nb3 Nxb3 15.
axb3 d4 16. exd4 exd4 17. Na4 Nd7 18. Ba3 Qc7 19. Nc5 Qe5 20. Nxd7 Bxd7 21. Bf3
a5 22. Bc1 Bf8 23. g3 Qf6 24. Be4 Bb4 25. Bd2 Bh3 26. Bf4 Bxf1 27. Rxf1 Rbc8
28. c5 Qe6 29. Kg2 Kg7 30. h4 f6 31. Rc1 Bc3 32. Qe2 Re7 33. Bd2 Bxd2 34. Qxd2
Qxb3 35. Qxa5 f5 36. Bxc6 Rxc6 37. Qd8 Qe6 38. Qxd4+ Qe5 39. Qxe5+ Rxe5 40. d4
Rd5 41. Rc4 Kf7 42. Kf3 Rc7 43. Ke3 Rd8 44. Kd3 Ke6 45. Rc2 Rcd7 0-1

[Event "Bundesliga 9495"]
[Site "Deutschland"]
[Date "1995.??.??"]
[Round "?.8"]
[White "Kilian, Ralf"]
[Black "Kraenzle, Harald"]
[Result "1/2-1/2"]
[WhiteElo "2226"]
[BlackElo "2215"]
[PlyCount "120"]
[EventDate "1994.10.??"]
[EventType "team"]
[EventRounds "15"]
[EventCountry "GER"]
[SourceTitle "Bundesliga 9495"]
[Source "DeepChess"]
[SourceDate "2005.01.01"]
[SourceVersion "1"]
[SourceVersionDate "2005.01.01"]
[SourceQuality "1"]
[WhiteTeam "PSV Turm Duisburg 1920 e.V."]
[BlackTeam "Muenchener SC 1836 e.V."]
[WhiteTeamCountry "GER"]
[BlackTeamCountry "GER"]

1. e4 d5 2. exd5 Qxd5 3. Nc3 Qa5 4. Nf3 Nf6 5. d4 Bf5 6. Bd3 Bxd3 7. Qxd3 e6 8.
O-O c6 9. Bg5 Nbd7 10. Ne4 Be7 11. Nxf6+ Bxf6 12. Bxf6 Nxf6 13. Qb3 O-O 14.
Rfe1 Qb6 15. Qxb6 axb6 16. c3 Rfd8 17. a3 Rd5 18. Re5 Raa5 19. Rae1 Rdb5 20.
Rxb5 Rxb5 21. Re2 Kf8 22. Kf1 Nd7 23. Ke1 Rh5 24. h3 Ke7 25. Kd2 b5 26. Kc2 Nb6
27. h4 Rf5 28. Ne5 Nd5 29. g3 h5 30. f4 Kd6 31. b3 b6 32. c4 bxc4 33. bxc4 Ne7
34. Kb3 Rf6 35. c5+ bxc5 36. dxc5+ Kc7 37. Rd2 Nd5 38. Rd3 Rf5 39. Nf3 Ne7 40.
Ne5 Nd5 41. Nf3 Nf6 42. Ng5 Nd7 43. Ne4 Nxc5+ 44. Nxc5 Rxc5 45. a4 Rd5 46. Re3
Kb6 47. Kc4 Rc5+ 48. Kb4 Rc1 49. a5+ Ka6 50. Re5 g6 51. Rc5 Rb1+ 52. Kc4 Kb7
53. a6+ Kxa6 54. Rxc6+ Kb7 55. Rd6 Rc1+ 56. Kd4 Kc7 57. Ra6 Rg1 58. Ke5 Rxg3
59. Ra7+ Kd8 60. Rxf7 Rg4 1/2-1/2

[Event "Bundesliga 9495"]
[Site "Deutschland"]
[Date "1994.??.??"]
[Round "?.3"]
[White "Stohl, Igor"]
[Black "Teske, Henrik"]
[Result "1/2-1/2"]
[WhiteElo "2560"]
[BlackElo "2495"]
[PlyCount "76"]
[EventDate "1994.10.??"]
[EventType "team"]
[EventRounds "15"]
[EventCountry "GER"]
[SourceTitle "Bundesliga 9495"]
[Source "DeepChess"]
[SourceDate "2005.01.01"]
[SourceVersion "1"]
[SourceVersionDate "2005.01.01"]
[SourceQuality "1"]
[WhiteTeam "Muenchener SC 1836 e.V."]
[BlackTeam "Post SV Dresden"]
[WhiteTeamCountry "GER"]
[BlackTeamCountry "GER"]

1. Nf3 c5 2. c4 b6 3. d4 cxd4 4. Nxd4 Bb7 5. Nc3 Nf6 6. f3 d6 7. e4 e6 8. Be3
Be7 9. Be2 O-O 10. O-O Nbd7 11. Qd2 Qc7 12. Rfd1 Rfd8 13. Rac1 Rac8 14. Ndb5
Qb8 15. Nxd6 Rc6 16. Nxb7 Qxb7 17. Kh1 h5 18. Qe1 Rdc8 19. Qg3 h4 20. Qxh4 Ne5
21. Qe1 Nxc4 22. Bxc4 Rxc4 23. Rd4 b5 24. Rxc4 bxc4 25. Qe2 Nd7 26. Bd4 Qa6 27.
f4 Nc5 28. Bxc5 Bxc5 29. h3 Rd8 30. e5 Rd3 31. Ne4 Bd4 32. Nd6 c3 33. Qh5 g6
34. Qg5 cxb2 35. Qd8+ Kh7 36. Qh4+ Kg8 37. Qd8+ Kh7 38. Qh4+ Kg8 1/2-1/2

[Event "Bundesliga 9495"]
[Site "Deutschland"]
[Date "1994.??.??"]
[Round "?.4"]
[White "Uhlmann, Wolfgang"]
[Black "Tischbierek, Raj"]
[Result "1/2-1/2"]
[WhiteElo "2465"]
[BlackElo "2525"]
[PlyCount "128"]
[EventDate "1994.10.??"]
[EventType "team"]
[EventRounds "15"]
[EventCountry "GER"]
[SourceTitle "Bundesliga 9495"]
[Source "DeepChess"]
[SourceDate "2005.01.01"]
[SourceVersion "1"]
[SourceVersionDate "2005.01.01"]
[SourceQuality "1"]
[WhiteTeam "Post SV Dresden"]
[BlackTeam "Muenchener SC 1836 e.V."]
[WhiteTeamCountry "GER"]
[BlackTeamCountry "GER"]

1. c4 e6 2. Nc3 d5 3. cxd5 exd5 4. d4 Nf6 5. Bg5 Nbd7 6. e3 Be7 7. Bd3 O-O 8.
Nf3 c6 9. O-O Re8 10. Qc2 Nf8 11. Bxf6 Bxf6 12. b4 Bg4 13. Nd2 Be7 14. b5 c5
15. dxc5 Bxc5 16. Nb3 Bd6 17. Be2 Bxe2 18. Nxe2 Qh4 19. g3 Qe4 20. Nbd4 Qxc2
21. Nxc2 Rac8 22. Ncd4 Rc4 23. Rfd1 Be5 24. Rac1 Bxd4 25. Rxd4 Rec8 26. Rcd1
Rc2 27. Nf4 Rxa2 28. Nxd5 Re8 29. Rc4 Rb2 30. b6 axb6 31. Rc7 Ne6 32. Rxb7 Rd8
33. e4 Kf8 34. Rc1 Re2 35. Nxb6 Rxe4 36. Ra1 Nc5 37. Rc7 Ne6 38. Rca7 g6 39.
Nd7+ Kg7 40. f4 Rd4 41. Ne5 Rd1+ 42. Rxd1 Rxd1+ 43. Kf2 Nd8 44. Ke2 Rd6 45. Rc7
Kg8 46. Ke3 f6 47. Nd7 Re6+ 48. Kf3 Rd6 49. g4 Nf7 50. Nc5 h6 51. f5 gxf5 52.
gxf5 Rc6 53. Rxc6 Ne5+ 54. Ke4 Nxc6 55. Kd5 Ne5 56. Ke6 Kg7 57. Ne4 Nf3 58. Ke7
Ne5 59. Ng3 Nc6+ 60. Kd6 Nd4 61. Kd5 Nf3 62. h3 Kf7 63. Kd6 Nd4 64. h4 h5
1/2-1/2

[Event "Bundesliga 9495"]
[Site "Deutschland"]
[Date "1994.??.??"]
[Round "?.5"]
[White "Pezerovic, Edin"]
[Black "Maiwald, Jens Uwe"]
[Result "1/2-1/2"]
[WhiteElo "2400"]
[BlackElo "2445"]
[PlyCount "24"]
[EventDate "1994.10.??"]
[EventType "team"]
[EventRounds "15"]
[EventCountry "GER"]
[SourceTitle "Bundesliga 9495"]
[Source "DeepChess"]
[SourceDate "2005.01.01"]
[SourceVersion "1"]
[SourceVersionDate "2005.01.01"]
[SourceQuality "1"]
[WhiteTeam "Muenchener SC 1836 e.V."]
[BlackTeam "Post SV Dresden"]
[WhiteTeamCountry "GER"]
[BlackTeamCountry "GER"]

1. Nf3 g6 2. d4 Bg7 3. Bg5 Nf6 4. Nbd2 h6 5. Bh4 d6 6. e4 g5 7. Bg3 Nh5 8. c3
e6 9. Nb3 Nd7 10. Nfd2 Nxg3 11. hxg3 Qe7 12. Bd3 b6 1/2-1/2

[Event "Bundesliga 9495"]
[Site "Deutschland"]
[Date "1994.??.??"]
[Round "?.6"]
[White "Goldberg, Alexander"]
[Black "Sandor, Christian"]
[Result "1/2-1/2"]
[WhiteElo "2405"]
[BlackElo "2365"]
[PlyCount "74"]
[EventDate "1994.10.??"]
[EventType "team"]
[EventRounds "15"]
[EventCountry "GER"]
[SourceTitle "Bundesliga 9495"]
[Source "DeepChess"]
[SourceDate "2005.01.01"]
[SourceVersion "1"]
[SourceVersionDate "2005.01.01"]
[SourceQuality "1"]
[WhiteTeam "Post SV Dresden"]
[BlackTeam "Muenchener SC 1836 e.V."]
[WhiteTeamCountry "GER"]
[BlackTeamCountry "GER"]

1. e4 e5 2. Bc4 Nc6 3. Nf3 Bc5 4. O-O Nf6 5. d3 d6 6. c3 a6 7. Bb3 O-O 8. h3
Be6 9. Bc2 Ba7 10. Re1 h6 11. Nbd2 Re8 12. Nf1 d5 13. d4 Nxe4 14. Nxe5 Nxe5 15.
Bxe4 dxe4 16. dxe5 Qh4 17. Be3 Rad8 18. Qe2 Bxe3 19. Qxe3 Bd5 20. Qc5 Bc6 21.
Ng3 Rd5 22. Rxe4 Qxe4 23. Nxe4 Rxc5 24. Nxc5 Rxe5 25. b4 Re2 26. a4 Rc2 27. Ra3
Kf8 28. b5 axb5 29. axb5 Rc1+ 30. Kh2 Bxb5 31. Nxb7 Ke7 32. Ra5 c6 33. Ra3 Ke6
34. Nd8+ Ke7 35. Nb7 Bc4 36. Na5 Bd5 37. c4 Bxc4 1/2-1/2

[Event "Bundesliga 9495"]
[Site "Deutschland"]
[Date "1994.??.??"]
[Round "?.7"]
[White "Reich, Thomas"]
[Black "Kaminski, Uwe"]
[Result "1/2-1/2"]
[WhiteElo "2390"]
[BlackElo "2390"]
[PlyCount "117"]
[EventDate "1994.10.??"]
[EventType "team"]
[EventRounds "15"]
[EventCountry "GER"]
[SourceTitle "Bundesliga 9495"]
[Source "DeepChess"]
[SourceDate "2005.01.01"]
[SourceVersion "1"]
[SourceVersionDate "2005.01.01"]
[SourceQuality "1"]
[WhiteTeam "Muenchener SC 1836 e.V."]
[BlackTeam "Post SV Dresden"]
[WhiteTeamCountry "GER"]
[BlackTeamCountry "GER"]

1. e4 c5 2. c3 Nf6 3. e5 Nd5 4. d4 cxd4 5. Nf3 Nc6 6. Bc4 Nb6 7. Bb3 d5 8. exd6
Qxd6 9. O-O Be6 10. cxd4 Bxb3 11. Qxb3 e6 12. Nc3 Be7 13. Nb5 Qd8 14. Bf4 O-O
15. Bc7 Qd7 16. Bxb6 axb6 17. Rfd1 Rfd8 18. Nc3 Nb4 19. Ne5 Qe8 20. Nc4 b5 21.
Ne3 Ra5 22. d5 exd5 23. Nexd5 Nxd5 24. Nxd5 Bf8 25. a3 b4 26. Nxb4 Re5 27. Nd3
Red5 28. Nf4 Rd2 29. Rxd2 Rxd2 30. Qc3 Qd7 31. g3 g6 32. Rc1 h5 33. h4 Bh6 34.
Qc8+ Qxc8 35. Rxc8+ Kg7 36. b4 Bxf4 37. gxf4 Rd3 38. Rc7 Rxa3 39. Kg2 b6 40.
Rc6 b5 41. Rb6 Rb3 42. Rxb5 Kf6 43. f3 Rb2+ 44. Kg3 Rc2 45. Rd5 Rb2 46. Rd6+
Kf5 47. Rb6 Rc2 48. Rb7 f6 49. Rb6 Rc4 50. Rb5+ Ke6 51. Rb7 Kf5 52. Rb6 Rc2 53.
Rb5+ Ke6 54. Rc5 Rxc5 55. bxc5 f5 56. Kf2 Kd5 57. Ke3 Kxc5 58. Kd3 Kd5 59. Kc3
1/2-1/2

[Event "Bundesliga 9495"]
[Site "Deutschland"]
[Date "1994.??.??"]
[Round "?.8"]
[White "Heinatz, Thomas"]
[Black "Steinbacher, Matthias"]
[Result "0-1"]
[WhiteElo "2305"]
[BlackElo "2380"]
[PlyCount "62"]
[EventDate "1994.10.??"]
[EventType "team"]
[EventRounds "15"]
[EventCountry "GER"]
[SourceTitle "Bundesliga 9495"]
[Source "DeepChess"]
[SourceDate "2005.01.01"]
[SourceVersion "1"]
[SourceVersionDate "2005.01.01"]
[SourceQuality "1"]
[WhiteTeam "Post SV Dresden"]
[BlackTeam "Muenchener SC 1836 e.V."]
[WhiteTeamCountry "GER"]
[BlackTeamCountry "GER"]

1. e4 c5 2. Nf3 e6 3. d4 cxd4 4. Nxd4 Nf6 5. Nc3 d6 6. Be3 a6 7. Bc4 Qc7 8. Bb3
Nbd7 9. f4 b5 10. O-O Nc5 11. Qf3 Bb7 12. Qh3 Be7 13. f5 e5 14. Nde2 h5 15. Nd5
Bxd5 16. Bxd5 Nxd5 17. exd5 Ne4 18. Qf3 Nf6 19. c3 Qc4 20. Rfd1 h4 21. b3 Qe4
22. Qxe4 Nxe4 23. a4 Kd7 24. Ra3 Rhb8 25. b4 a5 26. axb5 axb4 27. Rxa8 Rxa8 28.
cxb4 Ra3 29. Bb6 Bg5 30. Rb1 Kc8 31. Nc1 Nc3 0-1